| 000 | 00323nam a2200133 i 4500 | ||
|---|---|---|---|
| 001 | bg | ||
| 100 | 1 | _aEAVRINENKO, V. J. | |
| 245 | 0 |
_aSprawocniki po poluprovodnikovym priboram / _cV.J. Eavrinenko. |
|
| 260 |
_aKiev, _c1973. |
||
| 040 | _cBPK | ||
| 041 | _apol | ||
| 942 | _cKS | ||
| 008 | s pl f |000 0 pol | ||
| 999 |
_c25726 _d25726 |
||
| 856 |
_uhttp://koha.tu.koszalin.pl/cgi-bin/koha/opac-detail.pl?biblionumber=25726 _yKatalog online BPK |
||